|
|
|
|
| LEADER |
00000naa2a2200000 4500 |
| 001 |
631128 |
| 005 |
20231101133639.0 |
| 035 |
|
|
|a (RuTPU)RU\TPU\conf\32827
|
| 035 |
|
|
|a RU\TPU\conf\32826
|
| 090 |
|
|
|a 631128
|
| 100 |
|
|
|a 20200626d2020 k y0rusy50 ca
|
| 101 |
0 |
|
|a rus
|
| 102 |
|
|
|a RU
|
| 105 |
|
|
|a y z 101zy
|
| 135 |
|
|
|a drcn ---uucaa
|
| 181 |
|
0 |
|a i
|
| 182 |
|
0 |
|a b
|
| 200 |
1 |
|
|a Математическая модель динамики скорости ветра на основе фрактального стохастического процесса
|f Д. Ю. Давыдов
|g науч. рук. С. Г. Обухов
|
| 203 |
|
|
|a Текст
|c электронный
|
| 225 |
1 |
|
|a Компьютерное моделирование и интеллектуальный анализ данных
|
| 230 |
|
|
|a 1 компьютерный файл (pdf; 713 Кb)
|
| 300 |
|
|
|a Заглавие с титульного экрана
|
| 320 |
|
|
|a [Библиогр.: с. 78 (7 назв.)]
|
| 463 |
|
0 |
|0 (RuTPU)RU\TPU\conf\32807
|t Молодежь и современные информационные технологии
|o сборник трудов XVII Международной научно-практической конференции студентов, аспирантов и молодых учёных, 17-20 февраля 2020 г., г. Томск
|f Национальный исследовательский Томский политехнический университет, Инженерная школа информационных технологий и робототехники ; под ред. Д. М. Сонькина [и др.]
|v [С. 77-78]
|d 2020
|
| 610 |
1 |
|
|a электронный ресурс
|
| 610 |
1 |
|
|a труды учёных ТПУ
|
| 610 |
1 |
|
|a математические модели
|
| 610 |
1 |
|
|a динамика
|
| 610 |
1 |
|
|a скорость ветра
|
| 610 |
1 |
|
|a фрактальные процессы
|
| 610 |
1 |
|
|a стохастические процессы
|
| 610 |
1 |
|
|a компьютерное моделирование
|
| 610 |
1 |
|
|a экономическая эффективность
|
| 610 |
1 |
|
|a ветроэнергетика
|
| 700 |
|
1 |
|a Давыдов
|b Д. Ю.
|c специалист в области электроэнергетики
|c ассистент кафедры Томского политехнического университета
|f 1990-
|g Денис Юрьевич
|2 stltpush
|3 (RuTPU)RU\TPU\pers\47061
|
| 702 |
|
1 |
|a Обухов
|b С. Г.
|c специалист в области электроэнергетики
|c доцент Томского политехнического университета, кандидат технических наук
|f 1963-
|g Сергей Геннадьевич
|2 stltpush
|4 727
|
| 712 |
0 |
2 |
|a Национальный исследовательский Томский политехнический университет
|b Инженерная школа энергетики
|b Отделение электроэнергетики и электротехники (ОЭЭ)
|h 8022
|2 stltpush
|3 (RuTPU)RU\TPU\col\23505
|
| 801 |
|
2 |
|a RU
|b 63413507
|c 20211227
|g RCR
|
| 856 |
4 |
|
|u http://earchive.tpu.ru/handle/11683/62171
|
| 942 |
|
|
|c BK
|